| 000 | 01038cad a22001935a 4500 | ||
|---|---|---|---|
| 001 | L157266 | ||
| 008 | 100201s2012 xxk f 000 0 eng d | ||
| 020 | _a9780203157091 | ||
| 035 | _a(Sirsi) u157266 | ||
| 041 | 0 | _aeng | |
| 245 | 0 | 0 |
_aSpon's External Works and Landscape Price Book 2012 _h[archived] |
| 260 |
_bTaylor & Francis Ltd _c2012 |
||
| 350 | _a155.25 | ||
| 520 | _aEbook including material and measured work prices covering contract items from preliminaries and site clearance and encompassing every external works activity with full breakdowns into labour, materials and other components. Detailed guidance on wage rates, landscape consultants' fee scales. Extensive Approximate Estimates section for rapid spot estimating. | ||
| 520 | _aThis item is archived on VLEBooks. Please contact [email protected] if you would like this title reactivated. Note we do not have more recent editions of this title available digitally. | ||
| 651 | 4 | _aENGLAND AND WALES | |
| 710 | 1 |
_aDavis Langdon _eEditor _94649 |
|
| 942 |
_n0 _2ddc |
||
| 999 |
_c114686 _d114686 |
||